Los poemas caballerescos y los libros de caballerías / (Record no. 179202)

MARC details
000 -LEADER
campo de control de longitud fija 00918nam a2200217 i 4500
001 - NÚMERO DE CONTROL
campo de control 179202
003 - IDENTIFICADOR DE NÚMERO DE CONTROL
campo de control ES-MaACL
005 - FECHA Y HORA DE LA ÚLTIMA TRANSACCIÓN
campo de control 20230912063112.0
008 - DATOS DE LONGITUD FIJA--INFORMACIÓN GENERAL
campo de control de longitud fija 111003q1870 sp |||| | spa d
100 1# - ENTRADA PRINCIPAL--NOMBRE DE PERSONA
Nombre de persona Canalejas, Francisco de Paula,
Fechas asociadas al nombre 1834-1883
9 (RLIN) 34381
245 14 - MENCIÓN DEL TÍTULO
Título Los poemas caballerescos y los libros de caballerías /
Mención de responsabilidad, etc. por Francisco de P. Canalejas.
260 ## - PUBLICACIÓN, DISTRIBUCIÓN, ETC.
Lugar de publicación, distribución, etc. Madrid :
Nombre del editor, distribuidor, etc. [s.n.,
Fecha de publicación, distribución, etc. 1870?] (
Fabricante Imp. Central a cargo de V. Saiz)
300 ## - DESCRIPCIÓN FÍSICA
Extensión 221 p. ;
Dimensiones 19 cm.
530 ## - NOTA DISPONIBLE DE FORMULARIO FÍSICO ADICIONAL
Nota de formato físico adicional disponible Disponible en formato digital.
596 ## - NOTA AL PIE DE IMPRENTA
NOTA AL PIE DE IMPRENTA Palau 3, 93 cita una ed. de 1870, NUC lo data también en 1870.
650 #4 - PUNTO DE ACCESO ADICIONAL DE MATERIA--TÉRMINO DE MATERIA
Término de materia o nombre geográfico como elemento de entrada Poesía épica-
Subdivisión general Historia y crítica.
9 (RLIN) 160540
650 #4 - PUNTO DE ACCESO ADICIONAL DE MATERIA--TÉRMINO DE MATERIA
Término de materia o nombre geográfico como elemento de entrada Libros de caballería-
Subdivisión general Historia y crítica.
9 (RLIN) 14446
852 ## - LOCALIZACIÓN
Ubicación ES-MaACL
Número de control de estantería G-9695(2)
856 ## - LOCALIZACIÓN Y ACCESO ELECTRÓNICOS
Identificador Uniforme de Recursos <a href="http://bibliotecadigital.jcyl.es/es/consulta/registro.do?id=21537">http://bibliotecadigital.jcyl.es/es/consulta/registro.do?id=21537</a>
Nota pública Biblioteca Digital de Castilla y León
Holdings
Estatus retirado Estado de pérdida Estado de daño No para préstamo Colección Biblioteca de origen Biblioteca actual Ubicación en estantería Fecha de adquisición Fuente de adquisición Total de préstamos Signatura topográfica completa Código de barras Visto por última vez Precio de reemplazo Tipo de ítem Koha
        Colección digital Biblioteca del Ateneo de Madrid Biblioteca del Ateneo de Madrid Sala Pecera Planta 3 03/10/2011     G-9695(2) 1188249 23/02/2023 23/02/2023 Libro impreso antiguo